Central Library OPAC University of Rajshahi

ديوان أبي العتاهية ;; Diwān Abī al-ʿAtāhīyah / (Record no. 78066)

MARC details
000 -LEADER
fixed length control field 01138nam a2200325 a 4500
001 - CONTROL NUMBER
control field 78066
003 - CONTROL NUMBER IDENTIFIER
rucl marc code BD-RjUL
005 - DATE AND TIME OF LATEST TRANSACTION
control field 20211209083102.0
008 - FIXED-LENGTH DATA ELEMENTS--GENERAL INFORMATION
fixed length control field 030124s1999 le 000 0 ara d
020 ## - INTERNATIONAL STANDARD BOOK NUMBER
International Standard Book Number 9953271429
035 ## - SYSTEM CONTROL NUMBER
System control number (BD-RjUL)78292
040 ## - CATALOGING SOURCE
Original cataloging agency MH
Transcribing agency MH
Modifying agency CStRLIN
-- UkOxU
Language of cataloging eng
041 ## - LANGUAGE CODE
Language code of text/sound track or separate title eng
066 ## - CHARACTER SETS PRESENT
Alternate G0 or G1 character set (3
082 ## - DEWEY DECIMAL CLASSIFICATION NUMBER
Edition number 23
Classification number 892.71
Author mark and year HAD 2004
100 1# - MAIN ENTRY--PERSONAL NAME
Personal name Abū al-ʿAtāhiyah, Ismāʿīl ibn al-Qāsim,
Dates associated with a name 747 or 748-826?
9 (RLIN) 245985
245 10 - TITLE STATEMENT
Title ديوان أبي العتاهية ;; Diwān Abī al-ʿAtāhīyah /
Statement of responsibility, etc. Abu Al-Atahiah, Ismail bin Al-Qasim ;; مجيد طراد ; أبو العتاهية، اسماعيل بن القاسم.
250 ## - EDITION STATEMENT
Edition statement al-Ṭabʿah 1.
260 ## - PUBLICATION, DISTRIBUTION, ETC. (IMPRINT)
Place of publication, distribution, etc. Bayrūt :
Name of publisher, distributor, etc. Dar al Kitab al Arabi,
Date of publication, distribution, etc. 2004.
Place of publication, distribution, etc. بيروت :
Name of publisher, distributor, etc. دار الكتاب العربي،
Date of publication, distribution, etc. ٢٠٠٤
300 ## - PHYSICAL DESCRIPTION
Pagination 559 p. ;
Size 25 cm.
490 ## - SERIES STATEMENT
Series statement Shuʻarāʼunā.
650 ## - SUBJECT ADDED ENTRY--TOPICAL TERM
Topical term or geographic name as entry element Arabic poetry
Chronological subdivision 750-1258.
9 (RLIN) 245986
Topical term or geographic name as entry element Arabic poetry.
9 (RLIN) 245987
700 ## - ADDED ENTRY--PERSONAL NAME
Personal name طراد, مجيد
830 ## - SERIES ADDED ENTRY--UNIFORM TITLE
Uniform title Shuʻarāʼunā.
942 ## - ADDED ENTRY ELEMENTS (KOHA)
Source of classification or shelving scheme Dewey Decimal Classification
Koha item type Books
Holdings
Lost status Source of classification or shelving scheme Damaged status Not for loan Collection code Permanent Location Current Location Shelving location Date acquired Source of acquisition Cost, normal purchase price Total Checkouts Full call number Date last seen Copy number Koha item type
  Dewey Decimal Classification   Not For Loan Non-fiction Central Library, University of Rajshahi Central Library, University of Rajshahi Reading Room 18/11/2009 Ahsania mission , Dhaka 700.00   A 892.71 HAD 2004 14/03/2021 C-1 Books